| 000 | 00568nam a22002057a 4500 | ||
|---|---|---|---|
| 001 | BD-DhSAU 796 | ||
| 003 | BD-DhSAU | ||
| 005 | 20150510155945.0 | ||
| 008 | 150106b1986 bg a|||| |||| 00| 0deng d | ||
| 040 |
_cBD-DhSAU _aBD-DhSAU |
||
| 082 |
_222 _a630.202 _bHUH |
||
| 100 | _aKabir, Mohammad Humayun | ||
| 245 |
_aHandbook of agronomy / _cMohammad Humayun Kabir |
||
| 250 | _a1st ed. | ||
| 260 |
_aDhaka : _bMrs. Latifa Khan ; _cc1986. |
||
| 300 |
_avi, 294 p. : _bill. ; _c22 cm. |
||
| 504 | _aIncludes bibliography. | ||
| 590 | _aJerin | ||
| 650 |
_aAgronomy _xHandbook |
||
| 942 |
_2ddc _cBOOK |
||
| 999 |
_c796 _d796 |
||